000 00788nam a22002417a 4500
001 0289
003 OSt
005 20250210141034.0
008 250210b |||||||| |||| 00| 0 eng d
020 _a0-273-76792-3
040 _cKARL KUMM UNIVERSITY
_bAccounting
050 _aHF5635 .W8633 2012
100 _aWood, F. /
_d1926-2000 /
_qFrank Wood
245 _aFrank Wood's Business Accounting 2 /
_cFrank Wood
250 _aTwelfth
260 _aItali
_bPrince Hall
_c2012
300 _axxiii, 825p
_bIllustrations, Appendix, index
546 _aEnglish
600 _aWood, Frank :
_d1967
_tFrank Wood's Business Accounting 2
600 _2Sangster, Alan
_tBusiness Accounting 2
700 _aSangster;
_qAlan Sangster
942 _2lcc
_cBK
_e12th
_hHF5635
_i.W8633 2012
_n0
999 _c38
_d38